Pays avec un podium en Formule 1 - Statistiques

Statistiques générales
  • Ce quiz a été pris 289 fois
  • Le résultat moyen est 24 sur 29
Statistiques - réponses
Pays Nombre de podiums % Correct
France 309
100%
Royaume-Uni 749
100%
Allemagne 415
99%
Espagne 126
97%
États-Unis 128
95%
Italie 207
95%
Brésil 293
94%
Japon 3
94%
Canada 39
92%
Pays-Bas 103
92%
Mexique 42
91%
Australie 132
90%
Belgique 46
90%
Russie 4
90%
Argentine 98
89%
Finlande 245
89%
Portugal 1
87%
Suède 44
85%
Suisse 36
85%
Monaco 31
78%
Autriche 118
76%
Pologne 12
74%
Danemark 1
71%
Nouvelle-Zélande 72
70%
Afrique du Sud 36
65%
Colombie 30
60%
Thaïlande 2
50%
Venezuela 1
47%
Rhodésie du Sud (Zimbabwe) 1
10%
Aucun quiz correspondant
Distribution des résultats
% des personnes avec chaque résultat
Percentile par nombre de réponses
Votre historique - résultats
Vous n’avez pas pris ce quiz